the grudge - Olivia Rodrigo (All Lyrics) - Statistics

General Stats
  • This quiz has been taken 69 times
  • The average score is 345 of 381
Answer Stats
Answer % Correct
a
100%
about
100%
and
100%
And
100%
I
100%
in
100%
In
100%
that
100%
you
100%
You
100%
ever
97%
every
97%
it
97%
It
97%
my
97%
My
97%
on
97%
the
97%
The
97%
think
97%
your
97%
be
95%
But
95%
but
95%
but,
95%
damage
95%
did
95%
do
95%
everything
95%
everything,
95%
Friday
95%
I'm
95%
One
95%
still
95%
to
95%
we
95%
call
92%
changed
92%
could
92%
enough
92%
entire
92%
from
92%
have
92%
hear
92%
know
92%
know,
92%
life
92%
May
92%
me
92%
never
92%
not
92%
phone
92%
so
92%
time
92%
tried,
92%
tried
92%
try
92%
when
92%
why
92%
all
89%
all?
89%
bed
89%
car,
89%
care,
89%
don't
89%
fine
89%
for
89%
forgive,
89%
grudge
89%
How
89%
I've
89%
long
89%
scream
89%
takes
89%
things
89%
tough,
89%
tough
89%
Trust
89%
voice
89%
wanna
89%
before
87%
blood,
87%
depends
87%
easily?
87%
hold
87%
hurt
87%
like
87%
love,
87%
mirror
87%
nightmares
87%
people
87%
say
87%
was
87%
week
87%
world
87%
would
87%
alone,
84%
anybody
84%
both
84%
'bout
84%
can't
84%
go,
84%
head
84%
let
84%
shower,
84%
those
84%
you're
84%
betrayed,
82%
detail
82%
drew
82%
each
82%
equal
82%
fingers
82%
insecure,
82%
must
82%
sorry
82%
strength
82%
this
82%
this,
82%
understand
82%
unhappy
82%
arguments
79%
between
79%
cuts
79%
feel
79%
fuckin'
79%
guilty
79%
lingers
79%
little
79%
man,
79%
strong
79%
Took
79%
were
79%
won
79%
against
76%
confusion
76%
crushed
76%
even
76%
fantasize
76%
heart,
76%
loved
76%
make
76%
undying
76%
want
76%
Yeah,
76%
after
74%
doubt
74%
fall
74%
flowers
74%
more
74%
onto
74%
with
74%
deserved
71%
watch
71%
filled
68%
mean
68%
built
66%
there
66%
up
66%
now,
63%
Ooh,
63%
sure
63%
yet
63%
guess
61%
quite
61%
that's
61%
vitriol
53%
No matching quizzes found
Score Distribution
Percent of People with Each Score
Percentile by Number Answered
Your Score History
You have not taken this quiz